Cría del conejo de angora y otras razas /
Guardado en:
| Autor Principal: | |
|---|---|
| Formato: | Libro |
| Publicado: |
Argentina :
Albatros,
1985
|
| Materias: | |
| Etiquetas: |
Agregar Etiqueta
Sin Etiquetas, Sea el primero en etiquetar este registro!
|
| LEADER | 00542nam a22001935a 4500 | ||
|---|---|---|---|
| 001 | CEM.cems002925 | ||
| 005 | 19000101000000.0 | ||
| 008 | 130507s1985##################000#0#####d | ||
| 003 | CEMS | ||
| 082 | 0 | 4 | |a 636.9 |
| 100 | 1 | |a Gisbert, Alois L. | |
| 245 | 1 | 0 | |a Cría del conejo de angora y otras razas / |c Alois L. Gisbert |
| 260 | |a Argentina : |b Albatros, |c 1985 | ||
| 300 | |a 380 p. | ||
| 653 | |a Conejos | ||
| 653 | |a Conejos-pieles | ||
| 653 | |a Conejos-razas | ||
| 653 | |a Cunicultura | ||
| 859 | |a CEMS |b BIB. CEMS - 11 de abril |h 636.9 |i G447 |p 16164.91 |t Ej.1 | ||
